| 000 | 00519nam a2200181 4500 | ||
|---|---|---|---|
| 005 | 20260504141944.0 | ||
| 008 | 260504b |||||||| |||| 00| 0 eng d | ||
| 020 |
_a9783110205657 _qpbk |
||
| 041 | _aeng | ||
| 082 | _a401.21 GRI | ||
| 100 | _aGries,Stefan Th. | ||
| 245 |
_aStatistics for Linguistics with R: _bA Practical Introduction _c/Stefan Th. Gries; |
||
| 260 |
_aGermany _bDe Gruyter Mouton _c2009 |
||
| 300 |
_a335p. : _c22cm |
||
| 504 | _aBib and Ref | ||
| 650 | _aPhilosophy & theory | ||
| 942 | _cENGLISH | ||
| 999 |
_c622487 _d622487 |
||